Estudio sobre las implicaciones laborales, mercantiles y fiscales de la modificacin̤ estructural de la sociedad laboral

Bibliographic Details
Main Author: Guerrero Lebrn̤, Mara̕ Jess︢
Other Authors: Elorza Guerrero, Fernando, Gm̤ez Porra︢, Juan Manuel
Format: eBook
Language:Spanish
Published: Madrid: Marcial Pons, 2011
Subjects:
Online Access:Acceso restringido

MARC

LEADER 00000nam a22000007a 4500
005 20180304231136.0
007 cr|||| ||||
008 180304s2011 es |||||s|||| 00||0 spa d
020 |a 978-84-9123-339-8 
035 |a 21036 
040 |a vLex 
090 |c 7445  |d 7445 
100 1 |a Guerrero Lebrn̤, Mara̕ Jess︢ 
245 1 0 |a Estudio sobre las implicaciones laborales, mercantiles y fiscales de la modificacin̤ estructural de la sociedad laboral  |h [Recurso electrn̤ico] /  |c Mara̕ Jess︢ Guerrero Lebrn̤, Fernando Elorza Guerrero, Juan Manuel Gm̤ez Porra︢ 
256 |a Servicio en ln̕ea 
260 |a Madrid:  |b Marcial Pons,  |c 2011 
300 |a 1 recurso electrn̤ico 
500 |a La modificacin̤ estructural de sociedades, en cuanto alteracin̤ de la sociedad que va ms̀ all ̀de la simple modificacin̤ estatutaria, afectando a la estructura patrimonial o personal de la sociedad, ha conocido, por lo que respecta a su rǧimen jurd̕ico, una significativa novedad con la aprobacin̤ en 2009 de la Ley de modificacin̤ estructural de sociedades, norma legal que aborda la transformacin̤, fusin̤, escisin̤ o cesin̤ global de activo y pasivo, adems̀ del traslado internacional del domicilio social. Se trata en ese sentido de una ley aplicable a todo tipo de sociedades, ya ann̤imas, ya de responsabilidad limitada y, como no poda̕ ser de otra manera, a la propia sociedad laboral. Precisamente, el presente estudio se centra en analizar, desde una perspectiva multidisciplinar (mercantil, laboral y fiscal), el rǧimen jurd̕ico de este tipo de operaciones societarias y los problemas que pueden plantear su ejecucin̤ en el caso de las sociedades laborales. No debe olvidarse, sin embargo, que si bien el rǧimen de las modificaciones estructurales no presenta ninguna peculiaridad con respecto a las sociedades laborales, las mismas pueden incidir en el cumplimiento por parte de dichas sociedades de los requisitos de los que depende el que una sociedad reciba la calificacin̤ de laboral, caso del porcentaje mn̕imo de participacin̤ en el capital social de los trabajadores contratados indefinidamente, el nm︢ero de horas-aǫ trabajadas por aquellos que no tengan la condicin̤ de socios, o la participacin̤ mx̀ima que cada socio puede alcanzar en el capital social. Finalmente, se trata de una monografa̕ que pretende facilitar un mejor conocimiento del rǧimen jurd̕ico al que se sujetan las sociedades laborales. 
506 1 |a Disponible solo en los productos indicados  |d vLex Global  |d vLex Global (Academic Edition, excluding Law Schools)  |d vLex Global (U.S. Academic Edition, Law Schools)  |d vLex Global (U.S. Academic Edition, excluding Law Schools)  |d vLex Global (Academic Edition, Law Schools) 
650 0 4 |a Derecho Mercantil y de la Empresa  |z Espaą 
700 1 |a Elorza Guerrero, Fernando 
700 1 |a Gm̤ez Porra︢, Juan Manuel 
740 0 |a vLex Libros (Servicio en ln̕ea) 
856 4 0 |u http://vlex.com/source/estudio-sobre-las-implicaciones-laborales-mercantiles-y-fiscales-de-la-modificacion-estructural-de-la-sociedad-laboral-21036  |z Acceso restringido 
942 |c BOOK 
999 0 |a Commercial and Company Law